| 000 | 00907cab a2200301 4500 | ||
|---|---|---|---|
| 001 | WB2844-34 | ||
| 008 | 090401t1992 xxu||||| |||| 00| 0 eng d | ||
| 035 | _a(Sirsi) u59620 | ||
| 041 | _aeng | ||
| 245 | _aValuation of Yugoslavia`s state assets | ||
| 260 | _c1992 | ||
| 350 | _a0 | ||
| 490 |
_aEstates Times _v(1166) 6 November 1992, 1(1) |
||
| 520 | _aJones Lang Wootton is hoping to be awarded the job of valuing the state assets of Yugoslavia as part of the EC peace negotiations for the partition of the country. | ||
| 650 | _aABOUT RICS-RICS MEMBERS | ||
| 650 | _aCZECHOSLOVAKIA | ||
| 650 | _aFERGUSON HOLLIS | ||
| 650 | _aJONES LANG WOOTTON | ||
| 650 | _aRUSSIA | ||
| 650 | _aSOVIET UNION | ||
| 650 | _aSTATE ASSETS | ||
| 650 |
_aValuation _96273 |
||
| 650 | _aYUGOSLAVIA | ||
| 690 | _aOVERSEAS-EUROPE | ||
| 690 | _aRATING AND VALUATION | ||
| 942 | _n0 | ||
| 948 | _c04/03/1997 | ||
| 999 |
_c36602 _d36602 |
||